The foundations of criminal justice / 2 Contemporary perspectives on forensic psychiatry and psychology

Guardado en:  
Detalles Bibliográficos
Tipo de documento: Print Libro
Lenguaje:Inglés
Publicado: New York Jay 1980
En: The foundations of criminal justice
Año: 1980
Disponibilidad en Tübingen:Disponible en Tübingen.
UB: KB 10 A 780-2
Verificar disponibilidad: HBZ Gateway
Servicio de pedido Subito: Pedir ahora.

MARC

LEADER 00000cam a22000002cc4500
001 1093715847
003 DE-627
005 20220514134117.0
007 tu
008 910326s1980 xx ||||| 00| ||eng c
035 |a (DE-627)1093715847 
035 |a (DE-576)023715847 
035 |a (DE-599)BSZ023715847 
035 |a (OCoLC)311422165 
040 |a DE-627  |b ger  |c DE-627  |e rakwb 
041 |a eng 
245 0 4 |a The foundations of criminal justice  |n 2  |p Contemporary perspectives on forensic psychiatry and psychology  |c ed. with introd. by Robert W. Rieber ... 
264 1 |a New York  |b Jay  |c 1980 
336 |a Text  |b txt  |2 rdacontent 
337 |a ohne Hilfsmittel zu benutzen  |b n  |2 rdamedia 
338 |a Band  |b nc  |2 rdacarrier 
583 1 |a Archivierung prüfen  |c 20200919  |f DE-640  |z 1  |2 pdager 
773 1 8 |a The foundations of criminal justice  |w (DE-627)1093715693  |w (DE-576)023715693  |g 2  |q 2  |7 nnam 
951 |a MV 
ELC |b 1 
LOK |0 000 xxxxxcx a22 zn 4500 
LOK |0 001 2161957473 
LOK |0 003 DE-627 
LOK |0 004 1093715847 
LOK |0 005 20020606000000 
LOK |0 008 910326||||||||||||||||ger||||||| 
LOK |0 040   |a DE-21  |c DE-627  |d DE-21 
LOK |0 852   |a DE-21 
LOK |0 852 1  |c KB 10 A 780-2  |9 00 
LOK |0 935   |a krim 
LOK |0 936ln  |a k8.7.6 
LOK |0 939   |a 26-03-91  |b l01 
ORI |a SA-MARC-krimdoka001.raw 
SIG |a UB: KB 10 A 780-2